Validación experimental de modelos matemáticos para convertidores conmutados de alta frecuencia
Wedi'i Gadw mewn:
| Prif Awdur: | |
|---|---|
| Fformat: | Llyfr |
| Cyhoeddwyd: |
[San José, Costa Rica]
2008
|
| Pynciau: | |
| Tagiau: |
Ychwanegu Tag
Dim Tagiau, Byddwch y cyntaf i dagio'r cofnod hwn!
|
MARC
| LEADER | 00000nam a2200000Ia 4500 | ||
|---|---|---|---|
| 003 | 001345 | ||
| 005 | 20221231144050.0 | ||
| 008 | 140114s2008 cr a 000 ||s d | ||
| 040 | |c cru CEDI | ||
| 090 | |a TFG 5868 | ||
| 100 | |a Rojas Barrantes, Andrea |9 3832 | ||
| 245 | |a Validación experimental de modelos matemáticos para convertidores conmutados de alta frecuencia | ||
| 260 | |c 2008 |b [San José, Costa Rica] | ||
| 300 | |a xi, 80 hojas; ilustraciones | ||
| 500 | |a Proyecto de graduación (bachillerato en ingeniería eléctrica)--Universidad de Costa Rica. Facultad de Ingeniería. Escuela de Ingeniería Eléctrica | ||
| 650 | |x CONVERTIDORES DE CORRIENTE ELECTRICA |x INGENIERÍA ELÉCTRICA |x RECURSOS ENERGETICOS |x REGULADORES ELECTRICOS |9 3833 | ||
| 942 | |c TFG | ||
| 999 | |c 16368 |d 16368 | ||
